Statistics for Five Biggest Cities by Region Quiz #1

Click here to take the quiz!

General Stats

  • This quiz has been taken 77 times
  • The average score is 45 of 60

Answer Stats

RegionPopulationCity% Correct
Nile Basin22.5 milCairo
100%
Korea25.1 milSeoul
100%
Texas7.65 milDallas
99%
Java29.2 milJakarta
99%
Northern England3.15 milManchester
99%
Texas2.22 milAustin
97%
Texas7.05 milHouston
97%
Northern England1.89 milLiverpool
97%
Iberia4.87 milBarcelona
96%
Northern England2.22 milLeeds
96%
Iberia6.65 milMadrid
96%
Iberia2.50 milLisbon
94%
Great Lakes Basin9.65 milChicago
93%
Central America3.35 milGuatemala City
93%
Nile Basin6.20 milAlexandria
91%
Texas2.35 milSan Antonio
91%
Iberia1.55 milPorto
90%
Korea4.00 milBusan
88%
Maghreb4.77 milCasablanca
88%
Maghreb4.25 milAlgiers
87%
Great Lakes Basin5.75 milDetroit
87%
Central America1.41 milPanama City
87%
Iberia1.92 milValencia
87%
Korea3.00 milPyongyang
86%
Central Asia3.77 milTashkent
86%
Maghreb2.70 milTunis
86%
Central Asia1.53 milAstana
84%
Northern England1.47 milNewcastle
84%
Levant6.00 milAmman
83%
Levant3.87 milDamascus
83%
Great Lakes Basin7.70 milToronto
83%
Central Asia2.62 milAlmaty
81%
Levant1.90 milBeirut
81%
Central America1.96 milSan Salvador
81%
Nile Basin7.05 milKhartoum
80%
Central America2.45 milSan José
80%
Levant2.95 milTel Aviv
80%
Maghreb1.82 milTripoli
80%
Central Asia1.50 milBishkek
77%
Northern England1.54 milSheffield
77%
Maghreb2.15 milRabat
75%
Central America1.37 milManagua
72%
Levant1.94 milAleppo
71%
Java6.95 milBandung
70%
Central Asia1.25 milDushanbe
70%
Great Lakes Basin1.50 milMilwaukee
68%
Great Lakes Basin3.05 milCleveland
65%
Java5.90 milSurabaya
65%
Korea2.72 milDaegu
57%
Uttar Pradesh4.12 milLucknow
45%
Nile Basin4.12 milKampala
42%
Texas1.25 milMcAllen
41%
Uttar Pradesh2.55 milAgra
38%
Java1.78 milYogyakarta
33%
Korea1.63 milGwangju
32%
Nile Basin1.89 milKigali
30%
Java2.10 milSemarang
29%
Uttar Pradesh2.07 milVaranasi
29%
Uttar Pradesh3.65 milKanpur
28%
Uttar Pradesh1.93 milMeerut
7%

Score Distribution

Percentile by Number Answered

Percent of People with Each Score

Your Score History

You have not taken this quiz